000 01643nam a22004094a 4500
001 ebr10220120
003 CaPaEBR
006 m u
007 cr cn|||||||||
008 061107s2007 enkaf sb 001 0 eng
010 _z 2006037291
015 _aGBA695981
_2bnb
016 7 _z013601525
_2Uk
016 7 _z101291815
_2DNLM
020 _z0198528000 (hbk. : alk. paper)
020 _z9780198528005 (hbk. : alk. paper)
020 _z0198528019 (pbk. : alk. paper)
020 _z9780198528012 (pbk. : alk. paper)
040 _aCaPaEBR
_cCaPaEBR
035 _a(OCoLC)666908717
050 1 4 _aBF378.S54
_bB332 2007eb
082 0 4 _a153.1/3
_222
100 1 _aBaddeley, Alan D.,
_d1934-
245 1 0 _aWorking memory, thought, and action
_h[electronic resource] /
_cAlan Baddeley.
260 _aOxford ;
_aNew York :
_bOxford University Press,
_c2007.
300 _axviii, 412 p., [2] p. of plates :
_bill. (some col.).
490 1 _aOxford psychology series ;
_v45
500 _aSequel to: Working memory / Alan Baddeley. 1986.
504 _aIncludes bibliographical references (p. [351]-404) and index.
533 _aElectronic reproduction.
_bPalo Alto, Calif. :
_cebrary,
_d2013.
_nAvailable via World Wide Web.
_nAccess may be limited to ebrary affiliated libraries.
650 0 _aShort-term memory.
655 7 _aElectronic books.
_2local
700 1 _aBaddeley, Alan D.,
_d1934-
_tWorking memory.
710 2 _aebrary, Inc.
830 0 _aOxford psychology series ;
_vno. 45.
856 4 0 _uhttp://site.ebrary.com/lib/rucke/Doc?id=10220120
_zAn electronic book accessible through the World Wide Web; click to view
999 _c241842
_d241842